Responses for show #820 - Friday, March 11, 1988

Ron Trigueiro game 1.

Contestants

[<< previous game]

Jackie Trahan, a medical technologist from Lake Charles, Louisiana

Ron Trigueiro, a student from Caruthers, California

Jack Lowe, a pediatrician from Rockville, Maryland (whose 2-day cash winnings total $31,410)

[next game >>]

Jeopardy! Round responses

ANTONYMS
(Alex: Opposites.)
MEXICO
MEATS
MUSIC
KID STUFF
(Alex: And, our tribute to one of the greats of show business...)
JACKIE GLEASON
    $100 10
(Jackie: What is [*]? [**], [***].)
(Alex: That's right. Gotta get it all.)

"Hefty, hefty, hefty"

Jackie
    $100 5
the population of Mexico

Ron
    $100 21
(Jackie: What are three names for [*]?)

hamburgers

Jackie
    $100 12
Stephen Foster

Ron
    $100 1
a tee shirt

Ron
    $100 2
Brooklyn

Ron
    $200 17
a sink

Jackie
    $200 6
a bull ring

Ron
    $200 22
chitterlings

Jack
    $200 13
(Alex: "Go out in the midday sun", right.)

Noël Coward

Jack
    $200 11
"The Shoemaker and the Elves"

Triple Stumper
    $200 3
Frank Fontaine (Crazy Guggenheim)

Ron
    $300 18
"Devil Or Angel"

Jack
    $300 7
(Jackie: What are the Aztec?)

the Mayas (the Mayans)

JackJackie
    $300 23
[Jack gave both listed responses.]

the chicken (or a hen)

Jack
    $300 14
a quarter note

Jackie
    $300 26
[Alex specifies "M. Rey" as meaning "Margret Rey" after initially reading it as "M. Rey".]
(Alex: Not fast enough, Jack.)

Curious George

Triple Stumper
    $300 4
Reginald Van Gleason III

Triple Stumper
    $400 19
(Jack: What is aesthesia and anesthesia?)
[Initially ruled incorrect; reversed before Double Jeopardy!; Alex did not actually give "asleep" in his reading of the expected response; he seems to have skipped over it.]

awake (or alert or aware) & asleep (or anesthetized)

Jack
    $400 8
the states of Mexico

Jack
    $400 24
foie

Jack
    $400 15
a rhapsody

Jack
    $700 27
[Alex holds up a red dress with white embroidery.]
(Ron: Um, what are, uh, plates?)
...
(Alex: ...with less than a minute to go.)

smocking

Ron
    $400 28
June Taylor

Ron
    $500 20
hide

Jack
    $500 9
sterling silver

Jack
    $500 25
Lyndon Johnson

Ron
    $500 16
conductors

Jack
    $500 30
120

Ron
    $500 29
a little traveling music

Jack

Scores at the first commercial break (after clue 16):

Jack Ron Jackie
$2,300 $800 $100

Scores at the end of the Jeopardy! Round:

Jack Ron Jackie
$4,900 $1,500 $400

Double Jeopardy! Round responses

BOOKS & AUTHORS
SPACE & AVIATION
10-LETTER WORDS
COLORS
WAR MOVIES
STATE NICKNAMES
    $200 1
Russia & France

Jackie
    $200 26
Amelia Earhart

Jackie
    $200 21
classified

Ron
    $200 16
gray

Ron
    $200 3
The Deer Hunter

Jackie
    $200 5
the "Show-Me State"

Ron
    $400 2
Patty Duke

Ron
    $400 27
(William T.) Piper

Ron
    $400 22
[ERRATUM: [*] is an 11-letter word.]

"Celebration"

Ron
    $400 17
Blue

Jack
    $400 12
Apocalypse Now

Ron
    $400 6
Oklahoma

Ron
    $600 4
From Here to Eternity

Ron
    $600 28
Mars

Jackie
    $600 23
nonchalant

Ron
    $1,800 19
(Jack: What is caught [*]-handed?)

red

Jack
    $600 13
the Caine

Jack
    $600 7
the Volunteer State

Ron
    $800 10
The Jewel in the Crown

Jackie
    $2,000 29
balloons

Jackie
    $800 24
fortissimo

Jackie
    $800 18
(Alex: Not fast enough, Jack.)

violet

Triple Stumper
    $800 14
a medal

Ron
    $800 8
Pennsylvania

Ron
    $1000 11
Spycatcher

Ron
    $1000 30
(Jack: 196... What is 1962?)

1961

JackRon
    $1000 25
omniscient

Ron
    $1000 20
a yellow ribbon

Jackie
    $1000 15
Dean Martin & Jerry Lewis

Jack
    $1000 9
(Jack: What is Hawaii?)
...
[Applause for Ron running the category]

Rhode Island

JackRon

Scores at the end of the Double Jeopardy! Round:

Jack Ron Jackie
$6,700 $11,500 $6,200

[wagering suggestions for these scores]

Final Jeopardy! Round responses

WORLD POLITICS
JackieWhat is Samoa?
$6,200
JackWhat is Fiji?
$6,690
RonWhat is Fiji?
$2,000
Fiji

Final scores:

Jack Ron Jackie
$13,390 $13,500 $0
2nd place: a trip on Delta to Puerto Vallarta, Mexico + stay at Villa del Mar Resort New champion: $13,500 3rd place: American Flyer Travelwares Caravelle collection luggage

Game dynamics:

Coryat scores:

Jack Ron Jackie
$5,500 $12,200 $5,000
17 R
(including 1 DD),
2 W
26 R,
1 W
(including 1 DD)
12 R
(including 1 DD),
1 W

Combined Coryat: $22,700

The J! Archive is created by fans, for fans. The Jeopardy! game show and all elements thereof, including but not limited to copyright and trademark thereto, are the property of Jeopardy Productions, Inc. and are protected under law. This website is not affiliated with, sponsored by, or operated by Jeopardy Productions, Inc. Join the discussion at JBoard.tv.